Statistiken für Größte Städte Mecklenburg-Vorpommerns - Extrem

Klicken Sie hier um das Quiz zu spielen!

Allgemein

  • Dieses Quiz wurde 21 mal gespielt
  • Das Durchschnittsergebnis liegt bei 8 aus 9

Antwortstatistiken

EinwohnerStadt% Korrekt
209.920Rostock
100%
98.596Schwerin
100%
59.363Stralsund
100%
63.989Neubrandenburg
95%
59.691Greifswald
90%
43.878Wismar
90%
29.556Güstrow
65%
20.340Neustrelitz
65%
21.267Waren
55%

Verteilung der Resultate

Perzentil nach korrekt beantworteten Fragen

Anzahl Personen mit jedem Resultat

Ihre Resultats-Entwicklung

Sie haben dieses Quiz noch nicht gespielt